HAND BOOK OF LEATHER MANUFACTURING (Record no. 17200)

MARC details
000 -LEADER
fixed length control field 00277nam a22001217a 4500
003 - CONTROL NUMBER IDENTIFIER
control field SGT
082 ## - DEWEY DECIMAL CLASSIFICATION NUMBER
Classification number 670
Item number H16D
100 ## - MAIN ENTRY--PERSONAL NAME
Personal name DAVIS, CHARLES THOMAS
245 ## - TITLE STATEMENT
Title HAND BOOK OF LEATHER MANUFACTURING
260 ## - PUBLICATION, DISTRIBUTION, ETC. (IMPRINT)
Place of publication, distribution, etc INDIA
Name of publisher, distributor, etc ABHISHEK PUB.
Year of Publication 2016
300 ## - PAGE DESCRIPTION
No. of Pages 561
942 ## - ADDED ENTRY ELEMENTS (KOHA)
Source of classification or shelving scheme Dewey Decimal Classification
Koha item type Books
Holdings
Withdrawn status Lost status Source of classification or shelving scheme Damaged status Not for loan Home library Current library Shelving location Date acquired Vendor Name Cost, normal purchase price SGTU Bill Number Total Checkouts Full call number Accession No. (Barcode) Date last seen Date last borrowed Bill Date Koha item type
    Dewey Decimal Classification     SGT Science & Social Sciences Library SGT Science & Social Sciences Library Text Book 27/03/2019 PUNKAJ PUB. 3595.00 SGTU 4321 1 670 H16D FF601 05/08/2021 22/07/2021 07/03/2019 Books